000 00322nam a22001457a 4500
008 210519b ||||| |||| 00| 0 eng d
020 _a0395359627
041 _aeng
080 _23rd
_a37
082 _a37
100 _a46
101 _aEDU
245 _aCollege Vocabulary Skills
_cJames F. Shepherd
942 _2udc
_cBK
999 _c57499
_d57499